Spôsobuje rozvoj IT sústavnú stratu pracovných miest ? bakalárska práca

Uložené v:
Podrobná bibliografia
Hlavný autor: Kermietová, Veronika
Korporativný autor: Fakulta podnikového manažmentu EU. Katedra informačného manažmentu
Ďalší autori: Hanák, Róbert, 1979-
Médium: Kniha
Jazyk:Slovak
Vydavateľské údaje: Bratislava 2015
Tagy: Pridať tag
Žiadne tagy, Buďte prvý, kto otaguje tento záznam!

MARC

LEADER 00000nbm a2200000 4500
001 0206449
005 20161212100547.0
041 0 |a slo 
044 |a SK 
245 1 0 |a Spôsobuje rozvoj IT sústavnú stratu pracovných miest ?  |b bakalárska práca  |c Veronika Kermietová ; školiteľ: Róbert Hanák 
264 1 |a Bratislava  |c 2015 
300 |a 42 s. 
100 1 |a Kermietová, Veronika 
700 1 |a Hanák, Róbert, 1979- 
710 2 |a Fakulta podnikového manažmentu EU. Katedra informačného manažmentu